000 00293 a2200145 4500
001 177263
020 _a
040 _cMagnum
100 _a3 Serie - Prof. Marlene - 1998
240 1 0 _aFolclore
_lpor
245 1 0 _aFolclore
362 0 _a1899
697 _aMAGNITO: FOLCLORE
942 _cBK
999 _c177263
_d177263